Method of Normal Forms
Αποθηκεύτηκε σε:
| Κύριος συγγραφέας: | |
|---|---|
| Μορφή: | Βιβλίο |
| Γλώσσα: | English |
| Δημοσίευση: |
New York :
John Wiley,
c1993
|
| Σειρά: | Wiley series in nonlinear science
|
| Θέματα: | |
| Ετικέτες: |
Προσθήκη ετικέτας
Δεν υπάρχουν, Καταχωρήστε ετικέτα πρώτοι!
|
MARC
| LEADER | 00000nam a2200000 i 4500 | ||
|---|---|---|---|
| 001 | 1/48103 | ||
| 008 | 950726s1993 eng d | ||
| 020 | |a 0-471-59354-0 | ||
| 035 | |1 ΕΛΗ |a 1995 |c ΣΕΙΜΕΝΗΣ |l 10043248 | ||
| 040 | |a GR-MY-UA |b gre |e aacr | ||
| 041 | 0 | |a eng | |
| 082 | 0 | |a 512.944 | |
| 100 | 1 | |a Nayfeh, Ali Hasan |d 1933- | |
| 245 | 1 | 0 | |a Method of Normal Forms / |c Ali H. Nayfeh |
| 260 | |a New York : |b John Wiley, |c c1993 | ||
| 300 | |a 218 p.; |c 24 cm. | ||
| 490 | 1 | |a Wiley series in nonlinear science | |
| 500 | |a Includes bibliographical references and index | ||
| 650 | 0 | 0 | |a Normal forms (Mathematics) |
| 650 | 0 | 0 | |a Differential equations |x Numerical solutions. |
| 830 | 0 | |a Wiley series in nonlinear science | |
| 852 | |a INST |b SAMOS |e 19950726 |h 512.944 NAY |p 005300009839 |q 005300009839 |t BK |y 0 | ||
| 909 | |a Σ |b 044748 | ||